| 000 | 00591nam a2200205Ii 4500 | ||
|---|---|---|---|
| 001 | 13395 | ||
| 003 | CO-ViMGA | ||
| 008 | 241108s9999||||xx |||||||||||||| ||und|| | ||
| 040 |
_aCO-ViMGA _bspa _erda _cCO-ViMGA |
||
| 041 | 0 | _aspa | |
| 082 | 0 | 4 | _aF.FC 378 - S26r |
| 100 | 1 |
_aMarvin B. Scott _950414 |
|
| 245 | 1 | 0 | _aLa rebelión de los estudiantes |
| 264 | 1 | _aBuenos Aires, Argentina : Paidos, 1974 | |
| 300 | _avolumen | ||
| 336 |
_atext _btxt _2rdacontent |
||
| 337 |
_aunmediated _bn _2rdamedia |
||
| 338 |
_avolume _bnc _2rdacarrier |
||
| 940 | _aidficha_siabuc: 13097. -- ficha_no_siabuc:13395 | ||
| 999 |
_c45098 _d45098 |
||